00553cam a22001817a 4500003000500000005001700005008004100022010001000063011001000073035001000083040000900093082001600102100002900118245008300147260007900230300001100309650005100320CHAP20220329134642.0971013s1972 r 00010 d a23636 a24608 a28707 cCHAP a636.085bC400aChristiansen, William C.10aLatin American tables of feed compositioncby WM. C. Christiansen (and others) aGainesville :bUniversity of Florida. Department of Animal Science,c1972. a265 p.14aAlimentos y alimentacion del ganadoxAnalisis.